[Event "Colmenarejo Otono op 11th"]
[Site "Colmenarejo"]
[Date "2013.11.17"]
[Round "7.5"]
[White "Gonzalez Bolado, Laro"]
[Black "Orantes Sanz, Ricardo"]
[Result "0-1"]
[WhiteElo "1695"]
[BlackElo "1632"]
[PlyCount "48"]
[EventDate "2013.10.06"]
[EventType "swiss"]
[EventRounds "7"]
[EventCountry "ESP"]
[SourceTitle "EXT 2024"]
[Source "ChessBase"]
[SourceDate "2023.10.10"]
[SourceVersion "1"]
[SourceVersionDate "2023.10.10"]
[SourceQuality "1"]

1. e4 e5 2. Nf3 Nc6 3. d4 exd4 4. Nxd4 Qf6 5. Nb3 d6 6. Nc3 Bd7 7. Nd5 Qd8 8. Bd3 Ne5 9. 0-0 c6 10. Nc3 Nf6 11. f4 Neg4 12. Qf3 h5 13. h3 Qb6+ 14. Kh1 d5 15. exd5 0-0-0 16. a4 a5 17. Re1 Nf2+ 18. Kh2 N6g4+ 19. Kg1 Nxh3+ 20. Kh1 Nhf2+ 21. Kg1 Nxd3+ 22. Be3 Nxe3 23. Rxe3 Nxb2 24. Rb1 Nc4 0-1

[Event "Villalba op 1st"]
[Site "Villalba"]
[Date "2013.08.03"]
[Round "8.17"]
[White "Orantes Sanz, Ricardo"]
[Black "Del Pino de Castro, Ricardo"]
[Result "0-1"]
[WhiteElo "1600"]
[BlackElo "1818"]
[PlyCount "52"]
[EventDate "2013.07.27"]
[EventType "swiss"]
[EventRounds "9"]
[EventCountry "ESP"]
[SourceTitle "EXT 2024"]
[Source "ChessBase"]
[SourceDate "2023.10.10"]
[SourceVersion "1"]
[SourceVersionDate "2023.10.10"]
[SourceQuality "1"]

1. Nf3 Nf6 2. c4 c5 3. g3 b6 4. Bg2 Bb7 5. d3 e6 6. 0-0 Be7 7. Nbd2 0-0 8. a3 Nc6 9. Rb1 d5 10. Qa4 Qc7 11. b4 Ne5 12. Nxe5 Qxe5 13. Re1 Qh5 14. Nf3 dxc4 15. bxc5 Bxc5 16. d4 Bd6 17. Qxc4 Bd5 18. Qa4 Ne4 19. Bb2 f5 20. Ne5 f4 21. g4 Qh4 22. f3 Nf2 23. e4 Bxe5 24. exd5 Nxg4 25. fxg4 f3 26. dxe5 f2+ 0-1

[Event "Villalba op 1st"]
[Site "Villalba"]
[Date "2013.07.30"]
[Round "4.16"]
[White "Orantes Sanz, Ricardo"]
[Black "Fernandez Aransay, Fernando"]
[Result "0-1"]
[WhiteElo "1600"]
[BlackElo "1889"]
[PlyCount "60"]
[EventDate "2013.07.27"]
[EventType "swiss"]
[EventRounds "9"]
[EventCountry "ESP"]
[SourceTitle "EXT 2024"]
[Source "ChessBase"]
[SourceDate "2023.10.10"]
[SourceVersion "1"]
[SourceVersionDate "2023.10.10"]
[SourceQuality "1"]

1. Nf3 d5 2. c4 e6 3. g3 b6 4. Bg2 Bb7 5. a3 c5 6. 0-0 Nf6 7. Re1 Be7 8. d3 0-0 9. Nbd2 Nbd7 10. Rb1 Qc7 11. b4 Rac8 12. b5 Rfe8 13. Qc2 Rcd8 14. a4 Bf8 15. Nb3 e5 16. Bd2 e4 17. Nh4 exd3 18. exd3 dxc4 19. Qxc4 Bxg2 20. Nxg2 Ne5 21. Rxe5 Qxe5 22. Ne3 Qe6 23. Qc2 Qd7 24. Rd1 Qxd3 25. Qa2 Qe4 26. Re1 Qf3 27. a5 Ne4 28. Bc1 c4 29. Nd2 Rxd2 30. Bxd2 Qxf2+ 0-1

[Event "Collado Villalba op-B 29th"]
[Site "Collado Villalba"]
[Date "2012.08.30"]
[Round "7"]
[White "Orantes Sanz, Ricardo"]
[Black "Suarez Paz, Alfonso"]
[Result "0-1"]
[WhiteElo "1604"]
[BlackElo "1857"]
[PlyCount "74"]
[EventDate "2012.08.24"]
[EventType "swiss"]
[EventRounds "9"]
[EventCountry "ESP"]
[SourceTitle "CBM 150 Extra"]
[Source "ChessBase"]
[SourceDate "2012.10.19"]
[SourceVersion "1"]
[SourceVersionDate "2012.10.19"]
[SourceQuality "1"]

1. Nf3 d5 2. c4 e6 3. g3 Nf6 4. Bg2 c6 5. b3 Be7 6. d3 0-0 7. 0-0 Nbd7 8. Nbd2 b6 9. a3 Bb7 10. Bb2 Rb8 11. b4 Ng4 12. Qa4 dxc4 13. dxc4 Qc7 14. Rac1 c5 15. b5 h5 16. Qc2 h4 17. h3 Nge5 18. Ne4 Nxf3+ 19. Bxf3 f5 20. Qc3 e5 21. Nd2 hxg3 22. fxg3 Bf6 23. e4 f4 24. Bg4 Rbd8 25. Be6+ Kh8 26. Qf3 Bg5 27. Qh5+ Bh6 28. gxf4 Nf6 29. Bxe5 Nxh5 30. Bxc7 Rxd2 31. f5 Bxe4 32. Rf2 Rxf2 33. Re1 Rg2+ 34. Kf1 Bb7 35. Rd1 Ng3+ 36. Bxg3 Rxg3 37. Rd7 Bc8 0-1

[Event "Collado Villalba op-B 29th"]
[Site "Collado Villalba"]
[Date "2012.08.29"]
[Round "6"]
[White "Rincon Martin, Santiago"]
[Black "Orantes Sanz, Ricardo"]
[Result "0-1"]
[WhiteElo "1724"]
[BlackElo "1604"]
[PlyCount "78"]
[EventDate "2012.08.24"]
[EventType "swiss"]
[EventRounds "9"]
[EventCountry "ESP"]
[SourceTitle "CBM 150 Extra"]
[Source "ChessBase"]
[SourceDate "2012.10.19"]
[SourceVersion "1"]
[SourceVersionDate "2012.10.19"]
[SourceQuality "1"]

1. d4 Nf6 2. Nf3 e6 3. c4 b6 4. Nc3 Bb7 5. Bg5 Bb4 6. e3 d6 7. Bd3 Nbd7 8. 0-0 Bxc3 9. bxc3 Nf8 10. e4 h6 11. Bh4 Ng6 12. Bxf6 Qxf6 13. Qa4+ Kf8 14. Qd1 Nf4 15. g3 Qg6 16. Nh4 Qf6 17. d5 Re8 18. Qf3 Nxd3 19. Qxd3 g5 20. Ng2 e5 21. Ne3 Qf3 22. Rad1 Bc8 23. Nf5 Qxd3 24. Rxd3 Bxf5 25. exf5 g4 26. Kg2 Ke7 27. f3 Reg8 28. f4 f6 29. Re3 h5 30. h4 Kd7 31. Rfe1 Re8 32. fxe5 Rxe5 33. Rxe5 dxe5 34. Kf2 Kd6 35. Ke3 Rd8 36. Rd1 Kc5 37. Kd3 b5 38. Kc2 Kxc4 39. Rb1 Rxd5 0-1

[Event "Collado Villalba op-B 29th"]
[Site "Collado Villalba"]
[Date "2012.08.25"]
[Round "2"]
[White "Orantes Sanz, Ricardo"]
[Black "Garcia Andrinal, Antonio"]
[Result "0-1"]
[WhiteElo "1604"]
[BlackElo "1774"]
[PlyCount "76"]
[EventDate "2012.08.24"]
[EventType "swiss"]
[EventRounds "9"]
[EventCountry "ESP"]
[SourceTitle "CBM 150 Extra"]
[Source "ChessBase"]
[SourceDate "2012.10.19"]
[SourceVersion "1"]
[SourceVersionDate "2012.10.19"]
[SourceQuality "1"]

1. Nf3 f5 2. c4 Nf6 3. g3 d6 4. Bg2 e5 5. d3 c6 6. Nc3 Qc7 7. 0-0 Be7 8. a3 0-0 9. b4 b6 10. Qb3 Kh8 11. b5 e4 12. dxe4 fxe4 13. Ng5 Nbd7 14. Ncxe4 Ne5 15. f4 Ng6 16. bxc6 h6 17. f5 Ne5 18. Ne6 Bxe6 19. fxe6 Nxe4 20. Bxe4 Rxf1+ 21. Kxf1 Rf8+ 22. Kg2 Nxc6 23. Qb5 Ne5 24. Bd5 Rc8 25. Bd2 Qd8 26. Rc1 Rc5 27. Qb2 Bf6 28. Qc2 b5 29. Qe4 Qc7 30. Qf5 Nxc4 31. Bxh6 Rxd5 32. Qxd5 gxh6 33. Kf3 Qb6 34. Qa8+ Kh7 35. Rxc4 bxc4 36. Qe4+ Kg7 37. Qg4+ Kh8 38. Qh5 Qb7+ 0-1